| 000 | 00000cam 2200000zi 4500 |
| 001 | 9.960254 |
| 003 | CaOODSP |
| 005 | 20260515142006 |
| 006 | m o d f |
| 007 | cr cn||||||||| |
| 008 | 260223t20262026oncd ob f000 0 fre d |
| 020 | |a9780660985855 |
| 040 | |aCaOODSP|bfre|erda|cCaOODSP |
| 043 | |an-cn--- |
| 086 | 1 |aSW21-173/2026F-PDF |
| 245 | 00|aÉvaluation du Programme de promotion de la femme (décembre 2025). |
| 264 | 1|aOttawa (Ontario) : |bFemmes et égalité des genres Canada = Women and Gender Equality Canada, |c[2026] |
| 264 | 4|c©2026 |
| 300 | |a1 ressource en ligne (42 pages) : |bgraphiques |
| 336 | |atexte|btxt|2rdacontent/fre |
| 337 | |ainformatique|bc|2rdamedia/fre |
| 338 | |aressource en ligne|bcr|2rdacarrier/fre |
| 500 | |aPublié aussi en anglais sous le titre : Women's Program evaluation report (December 2025). |
| 504 | |aComprend des références bibliographiques. |
| 520 | |a« La présente évaluation porte sur la pertinence, la cohérence, l’efficacité, l’efficience et la pérennité du Programme de promotion de la femme, mis en œuvre par Femmes et Égalité des genres Canada (FEGC) au cours de la période allant de 2016-2017 à 2021-2022 » -- Résumé, page 4. |
| 610 | 16|aCanada. |bFemmes et égalité des genres Canada|xÉvaluation. |
| 650 | 6|aFemmes|xDroits|xPolitique gouvernementale|zCanada. |
| 650 | 6|aDiscrimination à l'égard des femmes|xPolitique gouvernementale|zCanada. |
| 710 | 1 |aCanada. |bFemmes et égalité́ des genres Canada, |eorganisme de publication. |
| 775 | 08|tWomen's Program evaluation report (December 2025).|w(CaOODSP)9.960253 |
| 795 | |tÉvaluation du Programme de promotion de la femme |w(CaOODSP)9.853463 |
| 856 | 40|qPDF|s980 Ko|uhttps://publications.gc.ca/collections/collection_2026/fegc-wage/SW21-173-2026-fra.pdf |
| 856 | 4 |qHTML|sS.O.|uhttps://www.canada.ca/fr/femmes-egalite-genres/transparence/rapports-evaluation/evaluation-programme-promotion-femme/pf-rapport-complet-evaluation-mi-parcours.html |